| 000 | 00377nam a2200157Ia 4500 | ||
|---|---|---|---|
| 008 | 221030s9999 xx 000 0 und d | ||
| 041 | _aEnglish | ||
| 082 |
_a105.23 _bGoy |
||
| 100 | _aN. C. Goyal | ||
| 245 | 0 | _aText Book of Radio & Television | |
| 260 |
_bKhanna Pub. _aDelhi _c1990 |
||
| 300 | _a847 | ||
| 650 | _aECE Departmental | ||
| 700 | _aS. K. Mukherjee | ||
| 942 | _cBK | ||
| 999 |
_c993 _d993 |
||